00376nam a2200145Ia 4500008004100000020001500041041001200056082001600068100001700084245005400101260003500155300000900190650001400199700001700213221030s9999 xx 000 0 und d a8129705176 aEnglish a105.23bDie aH. M. Dietel 0aC # How to Programcby H. M. Dietel, P. J. Dietel bPearson EducationaDelhic2005 a1568 aComputers aP. J. Dietel